| 000 | 01525cam a22004094i 4500 | ||
|---|---|---|---|
| 003 | PE-LiUPU | ||
| 005 | 20250731172930.0 | ||
| 008 | 150623s r 000 0 d | ||
| 035 | _a(Sirsi) a20436 | ||
| 040 |
_aPE-LiUPU _bspa _cPE-LiUPU _erda |
||
| 082 | 0 | 4 |
_a286.73209 _bO47 _221 |
| 100 | 1 |
_aOlson, A. V., _eautor. |
|
| 245 | 1 | 0 |
_aThrough crisis to victory, 1888-1901 : _bFrom the minneapolis meeting to the reorganization of the general conference / _cA. V. Olson. |
| 264 | 1 |
_aWashington, D. C. : _bReview and Herald, _c1966. |
|
| 300 |
_a320 páginas ; _c22 cm. |
||
| 336 |
_atext _2rdacontent |
||
| 337 |
_aunmediated _2rdamedia |
||
| 338 |
_avolume _2rdacarrier |
||
| 505 | 0 | _aPreachers of the law. -Believers in christ. -The call to revival. -The session at minneapolis. -Voices of opposition. -After Minneaspolis, the revival spreads. | |
| 526 | _aSEG42 | ||
| 526 | _aSEG41 | ||
| 526 | _aSEG40 | ||
| 526 | _aSEG39 | ||
| 526 | _aP94 | ||
| 526 | _aP87 | ||
| 526 | _aP86 | ||
| 526 | _aP85 | ||
| 526 | _aP77 | ||
| 526 | _aP76 | ||
| 526 | _aP35 | ||
| 650 | 0 | 4 |
_aIASD _xHISTORIA, 1888-1901. |
| 942 |
_2ddc _cBOOK |
||
| 949 |
_a286.73209 O47 _wDEWEY _c1 _i43921 _lCCODEBUL1 _mBUL _p00.00 _r0 _sY _tBOOK _u2015-06-24 _xTEOLOGIA _PP35 _0COMPRA _o.STAFF. Colección General |
||
| 596 | _a1 | ||
| 999 |
_a286.73209 O47 _wDEWEY _c20726 _i43921 _d20726 _f2021-11-11 _g6 _lCCODEBUL1 _mBUL _q5 _r0 _sY _tBOOK _u2015-6-24 _xTEOLOGIA _PP35 _0COMPRA _o.STAFF. Colección General |
||
| 980 |
_81 _gALBERTO SANCHEZ Responsable de Automatización |
||